00454nam a2200121Ia 45000010005000000080041000050820022000461000125000682450080001932600016002739010028002899990015003173053241024s9999 xx 000 0 und d aRD/624.7/R426l/SM aRepública Dominicana.Ministerio de Educación.Dirección General de Mantenimiento de Infraestructura Escolar (DGMIE) 0aListado de escuelas provincia San Juan de la Maguana (Informe Presupuestal) bDGMIEc2013 a23/7/2013 10:42:38 a.m. c8030d8030